000 00776cam a2200217 4500
001 sa 68018666
003 DLC
005 20260227112713.0
008 710521s1968 ii 00000 eng
010 _asa 68018666 //r84
025 _aPL480:I-F-E-133
050 0 _aHE9871.A95
_bI5
110 1 0 _aIndia.
_bParliament.
_bCommittee on Public Undertakings.
245 0 0 _aAction taken by Government on the recommendations contained in the twenty-first Report of the Committee on Public Undertakings (third Lok Sabha),
_bAir India, Ministry of Tourism & Civil Aviation.
260 0 _aNew Delhi,
_bLok Sabha Secretariat,
_c1968.
300 _av, 33 p.
_c25 cm.
350 _aRs0.65
410 1 1 _aIts
_tReport,
_v4th Lok Sabha, 22
500 _aCover title.
610 2 0 _aAir-India.
999 _c88570
_d88570